Microsoft Access 2013 : (Record no. 81313)
[ view plain ]
| 000 -LEADER | |
|---|---|
| fixed length control field | 01714nam a22003137a 4500 |
| 005 - DATE AND TIME OF LATEST TRANSACTION | |
| control field | 20140820113347.0 |
| 010 ## - LCCN (DPL NO) | |
| LC control number | ENG-108918 |
| 020 ## - INTERNATIONAL STANDARD BOOK NUMBER | |
| International Standard Book Number | 9788120347915 |
| Terms of availability | 395.00 |
| 035 ## - SYSTEM CONTROL NUMBER | |
| System control number | EN-92451 |
| 035 ## - SYSTEM CONTROL NUMBER | |
| System control number | B-536837-842 |
| 037 ## - SOURCE OF ACQUISITION | |
| Source of stock number/acquisition | DBAD/PUB |
| 037 ## - SOURCE OF ACQUISITION | |
| Source of stock number/acquisition | UBH/Ven |
| Stock number | dpl |
| 082 ## - DEWEY DECIMAL CLASSIFICATION NUMBER | |
| Classification number | 005.7565 |
| Edition number | 23 |
| 100 ## - MAIN ENTRY--PERSONAL NAME | |
| Personal name | Couch, Andrew |
| 245 ## - TITLE STATEMENT | |
| Title | Microsoft Access 2013 : |
| Statement of responsibility, etc | by Andrew Couch |
| Remainder of title | plain & simple / |
| 246 ## - VARYING FORM OF TITLE | |
| Title proper/short title | Access 2013 plain and simple |
| 246 ## - VARYING FORM OF TITLE | |
| Title proper/short title | Office Access 2013 plain and simple |
| 246 ## - VARYING FORM OF TITLE | |
| Title proper/short title | Access 2013 |
| 260 ## - PUBLICATION, DISTRIBUTION, ETC. (IMPRINT) | |
| Place of publication, distribution, etc | New Delhi |
| Name of publisher, distributor, etc | PHI Learning |
| Date of publication, distribution, etc | 2013 |
| 270 ## - ADDRESS | |
| Address | Rimjhim House,111, Patparganj Industrial Estate, |
| City | New Delhi |
| Postal code | 110092 |
| 300 ## - PHYSICAL DESCRIPTION | |
| Extent | xii, 257 p. : |
| Dimensions | 19 x 23 cm(pbk) |
| Other physical details | col. ill. |
| 490 ## - SERIES STATEMENT | |
| Series statement | Plain & simple |
| 500 ## - GENERAL NOTE | |
| General note | Includes index. |
| 505 ## - FORMATTED CONTENTS NOTE | |
| Formatted contents note | About this book -- Creating a custom web app -- Modifying a web app -- Creating a desktop database -- Working with data in datasheets -- Selecting data using queries -- Modifying data using queries -- Improving presentations with forms -- Using controls effectively -- Preparing data to print using reports -- Exchanging data -- Introducing the power of macros -- Administering a database. |
| 520 ## - SUMMARY, ETC. | |
| Summary, etc | Here’s WHAT you’ll learn: --Build and manage your own database --Apply professional designs across your databases --Create presentations and publish reports online --Secure your database with passwords and encryption --Exchange data with other databases and documents --Interact with your data easier using macros. |
| 650 ## - SUBJECT ADDED ENTRY--TOPICAL TERM | |
| Topical term or geographic name as entry element | Database management |
| 942 ## - ADDED ENTRY ELEMENTS (KOHA) | |
| Source of classification or shelving scheme | Dewey Decimal Classification |
| Item type | English Books |
| Call number suffix | COU |
| Classification part | 005.7565 |
| Withdrawn status | Lost status | Not for loan | Collection code | Home library | Current library | Date acquired | Source of acquisition | Cost, normal purchase price | Full call number | Barcode | Copy number | Cost, replacement price | Koha item type |
|---|---|---|---|---|---|---|---|---|---|---|---|---|---|
| Non-fiction | Central Library | Central Library | 19/08/2014 | UBH/317/28.03.2014/148/25.03.2014/31.03.2014 | 395.00 | 005.7565 COU | B-536837 | 1 | 395.00 | English Books | |||
| Not For Loan | Non-fiction | D.B.Act.Division | D.B.Act.Division | 19/12/2013 | DBAD/PUB | 395.00 | 005.7565 COU | EN-92451 | 1 | 395.00 | English Books | ||
| Non-fiction | Karol Bagh | Karol Bagh | 19/08/2014 | UBH/317/28.03.2014/148/25.03.2014/31.03.2014 | 395.00 | 005.7565 COU | B-536841 | 1 | 395.00 | English Books | |||
| Non-fiction | Mobile Library | Mobile Library | 19/08/2014 | UBH/317/28.03.2014/148/25.03.2014/31.03.2014 | 395.00 | 005.7565 COU | B-536838 | 1 | 395.00 | English Books | |||
| Non-fiction | Sarojini Nagar | Sarojini Nagar | 19/08/2014 | UBH/317/28.03.2014/148/25.03.2014/31.03.2014 | 395.00 | 005.7565 COU | B-536839 | 1 | 395.00 | English Books | |||
| Non-fiction | Shahdara Branch | Shahdara Branch | 19/08/2014 | UBH/317/28.03.2014/148/25.03.2014/31.03.2014 | 395.00 | 005.7565 COU | B-536842 | 1 | 395.00 | English Books | |||
| Non-fiction | Vinoba Puri | Vinoba Puri | 19/08/2014 | UBH/317/28.03.2014/148/25.03.2014/31.03.2014 | 395.00 | 005.7565 COU | B-536840 | 1 | 395.00 | English Books |
